| 000 | | | 06952cmc2a2200337 x 450 |
| 001 | | | 28c8b3d0f59346eda20cfb78bc0c1d50 |
| 005 | | | 20150728161715.0 |
| 035 | ## | $a | 28c8b3d0f59346eda20cfb78bc0c1d50 |
| 100 | ## | $a | 20130919l19061910ky0rusy010189 |
| 101 | 0# | $a | rus |
| 102 | ## | $a | RU |
| 122 | 2# | $a | d19060513## |
| | $a | d19100610## |
| 200 | 1# | $a | Об учреждении Особого совещания для разрешения претензий к казне, вызванных русско-японской войной, и отпуске средств на удовлетворение претензий |
| | $j | 13 мая 1906 г. - 10 июня 1910 г. |
| 461 | #0 | $1 | 001c7912e80-a322-4844-9992-beca65726c82 |
| | $1 | 2001 |
| | $a | Совет министров (1905-1917) |
| | $1 | 251 |
| | $c | Фонд |
| | $1 | 852 |
| | $j | 1276 |
| 215 | ## | $a | 287 листов |
| 225 | 0# | $a | Фонд Совета министров |
| | $h | Опись № 2. 1906 год |
| 300 | ## | $a | Заголовок дела также: Об учреждении вневедомственного Особого Совещания для разрешения, вызванных обстоятельствами русско-японской войны, претензий к казне, не предусматриваемых действующим законодательством. Об ассигновании кредита на производство денежных выдач для удовлетворения, непредусматриваемых действующим законодательством, претензий к казне, вызванных обстоятельствами русско-японской войны. Об освобождении от обложения гербовым сбором, подаваемых в Высочайше учрежденное Особое Совещание для разрешения вызванных обстоятельствами русско-японской войны претензий к казне, не предусматриваемых действующим законодательством, прошений, равно как всех вообще делопроизводственных по оным бумагам. О внесении в государственную роспись 1907 года трех миллионов рублей на удовлетворение претензий, вызванных обстоятельствами русско-японской войны, не предусматриваемых действующим законодательством : 13 мая 1906 г. - 10 июня 1910 г. |
| 300 | ## | $a | Печатный текст |
| 324 | ## | $a | Пленка |
| 517 | 1# | $a | Об учреждении вневедомственного Особого Совещания для разрешения, вызванных обстоятельствами русско-японской войны, претензий к казне, не предусматриваемых действующим законодательством. Об ассигновании кредита на производство денежных выдач для удовлетворения, непредусматриваемых действующим законодательством, претензий к казне, вызванных обстоятельствами русско-японской войны. Об освобождении от обложения гербовым сбором, подаваемых в Высочайше учрежденное Особое Совещание для разрешения вызванных обстоятельствами русско-японской войны претензий к казне, не предусматриваемых действующим законодательством, прошений, равно как всех вообще делопроизводственных по оным бумагам. О внесении в государственную роспись 1907 года трех миллионов рублей на удовлетворение претензий, вызванных обстоятельствами русско-японской войны, не предусматриваемых действующим законодательством |
| | $e | 13 мая 1906 г. - 10 июня 1910 г. |
| 605 | ## | $2 | acquisition_Prlib |
| | $3 | LIBNET\UAF\0000059244 |
| | $a | Русско-японская война 1904-1905 гг. |
| | $l | коллекция |
| 605 | ## | $2 | acquisition_Prlib |
| | $3 | DITM\AF\0000002775 |
| | $a | Власть |
| | $l | коллекция |
| 605 | ## | $2 | acquisition_Prlib |
| | $3 | DITM\AF\0000003834 |
| | $a | Народ |
| | $l | коллекция |
| 606 | 1# | $2 | prlib_sh |
| | $3 | LIBNET\UAF\0000059639 |
| | $a | Русско-японская война |
| | $z | 1904 - 1905 |
| | $x | Экономические последствия |
| | $j | Документы и материалы |
| 686 | ## | $a | 63.3(2)531-68ю1 |
| | $v | LBC/M |
| | $2 | rubbk |
| 801 | #0 | $a | RU |
| | $b | РГИА |
| | $c | 20130919 |
| 801 | #1 | $a | RU |
| | $b | ГлавНИВЦ |
| | $c | 20130919 |
| | $2 | rusmarc |
| 801 | #2 | $a | RU |
| | $b | ПБ им. Б.Н. Ельцина |
| | $c | 20150715 |
| | $g | RCR |
| | $2 | rusmarc |
| 850 | ## | $a | Федеральное казенное учреждение "Российский государственный исторический архив" |
| 852 | ## | $a | РГИА |
| | $j | 424 |
| 937 | ## | $d | 34268273 |
| | $h | РГИА |
| 251 | ## | $c | Дело |
| 462 | #0 | $1 | 001d664bd18-3b24-453a-bfae-1f3e6e7cc1e9 |
| | $1 | 2001 |
| | $a | 1906 г. |
| | $v | Д. 424 |
| | $1 | 251 |
| | $c | Опись |
| | $1 | 852 |
| | $j | 2 |
| 711 | 01 | $a | Россия |
| | $b | Особое совещание для разрешения вызванных обстоятельствами Русско-Японской войны претензий к казне |
| | $3 | RU\NLR\AUTH\889949872 |